[Event "NB I. Maroczy csoport"]
[Site "Kisujszallas"]
[Date "2024.03.10"]
[Round "8.10"]
[White "Fekete, Albert"]
[Black "Peredi, Oliver"]
[Result "0-1"]
[WhiteElo "2094"]
[BlackElo "2020"]
[PlyCount "90"]
[EventDate "2023.10.08"]
[EventType "team-tourn"]
[EventRounds "11"]
[EventCountry "HUN"]
[Source "chess.hu"]
[WhiteTeam "Kumania-Kisujszallas"]
[BlackTeam "DVTK I."]
[WhiteTeamCountry "HUN"]
[BlackTeamCountry "HUN"]

1. Nf3 Nf6 2. g3 d5 3. Bg2 g6 4. O-O Bg7 5. d3 O-O 6. Nbd2 c5 7. e4 dxe4 8.
dxe4 Nc6 9. c3 Qc7 10. Qe2 Rd8 11. Re1 e5 12. h3 h6 13. Nc4 b5 14. Na3 b4 15.
Nc4 Ba6 16. cxb4 cxb4 17. b3 Nd4 18. Nxd4 Rxd4 19. Bb2 Bxc4 20. bxc4 Rd7 21.
Red1 Rad8 22. Rxd7 Nxd7 23. Rd1 Nc5 24. Rd5 Rc8 25. Bf1 a5 26. Qe1 b3 27. axb3
Nxb3 28. Qd1 Nc5 29. Bg2 a4 30. Ba3 Nb3 31. c5 Qa5 32. Bf1 Nd4 33. Kg2 Qc3 34.
Qd3 Qa1 35. Rd7 Qe1 36. Ra7 Rc6 37. Rxa4 Rf6 38. Rxd4 Qxf2+ 39. Kh1 exd4 40.
Bg2 Qe1+ 41. Kh2 Rf2 42. c6 Be5 43. Bc5 Rd2 44. Qf3 Rd1 45. h4 Rc1 0-1

[Event "NB I. Maroczy csoport"]
[Site "Kisujszallas"]
[Date "2024.03.10"]
[Round "8.11"]
[White "Farkas, Istvan"]
[Black "Atkins, Rita"]
[Result "1-0"]
[WhiteElo "2027"]
[BlackElo "2037"]
[PlyCount "109"]
[EventDate "2023.10.08"]
[EventType "team-tourn"]
[EventRounds "11"]
[EventCountry "HUN"]
[Source "chess.hu"]
[WhiteTeam "DVTK I."]
[BlackTeam "Kumania-Kisujszallas"]
[WhiteTeamCountry "HUN"]
[BlackTeamCountry "HUN"]

1. e4 d6 2. d4 Nf6 3. Nc3 e5 4. Nf3 Nbd7 5. h3 Be7 6. Bc4 c6 7. a4 Qc7 8. O-O
O-O 9. Re1 b6 10. Be3 Bb7 11. dxe5 Nxe5 12. Nxe5 dxe5 13. Qf3 a6 14. Ba2 b5 15.
g4 b4 16. Ne2 c5 17. Ng3 c4 18. g5 Nd7 19. h4 g6 20. h5 f5 21. gxf6 Nxf6 22.
hxg6 hxg6 23. Bh6 Rf7 24. Qe2 Rc8 25. Rad1 Bc5 26. Bg5 Bd4 27. c3 bxc3 28. bxc3
Bxc3 29. Rf1 Bd4 30. Rc1 Nd5 31. Bxc4 Nc3 32. Bxf7+ Qxf7 33. Qg4 Rf8 34. Bh6
Bc8 35. Nf5 Bxf5 36. exf5 Qxf5 37. Qxf5 Rxf5 38. Rc2 g5 39. Kg2 Kh7 40. Rh1 Kg6
41. a5 e4 42. Rd2 Bf6 43. Bf8 Rxa5 44. Rh6+ Kf5 45. Bb4 Ra4 46. Rxf6+ Kxf6 47.
Bxc3+ Ke6 48. Bd4 Ra5 49. Be3 Kf5 50. Kg3 Re5 51. Ra2 Re6 52. Ra5+ Kg6 53.
Rxg5+ Kf6 54. Ra5 Ke7 55. Kf4 1-0

[Event "NB I. Maroczy csoport"]
[Site "Kisujszallas"]
[Date "2024.03.10"]
[Round "8.12"]
[White "Szaloki, Arpad"]
[Black "Papp, Kinga"]
[Result "1-0"]
[WhiteElo "1997"]
[BlackElo "1566"]
[PlyCount "97"]
[EventDate "2023.10.08"]
[EventType "team-tourn"]
[EventRounds "11"]
[EventCountry "HUN"]
[Source "chess.hu"]
[WhiteTeam "Kumania-Kisujszallas"]
[BlackTeam "DVTK I."]
[WhiteTeamCountry "HUN"]
[BlackTeamCountry "HUN"]

1. d4 Nf6 2. c4 g6 3. Nc3 d5 4. Nf3 Bg7 5. h4 dxc4 6. e4 c5 7. d5 b5 8. e5 Ng4
9. Bf4 O-O 10. Nxb5 Qa5+ 11. Nc3 Qb4 12. Qd2 Nd7 13. a3 Qb3 14. Qe2 Nb6 15. Rb1
Bb7 16. Nd2 Qc2 17. Qxg4 Bxd5 18. Be2 Be6 19. Qg3 h5 20. O-O Qf5 21. Bf3 Rad8
22. Be4 Qg4 23. Qxg4 Bxg4 24. f3 Be6 25. Rfd1 f5 26. exf6 exf6 27. Bxg6 Nd5 28.
Nxd5 Rxd5 29. Ne4 Rfd8 30. Rxd5 Rxd5 31. Nc3 Rd8 32. Rd1 Rd4 33. Be3 Rxd1+ 34.
Nxd1 Bf8 35. Bxh5 f5 36. Be8 Bd6 37. Nc3 Kh7 38. Nb5 Be5 39. Nc3 Bd4 40. Kf2 f4
41. Bxd4 cxd4 42. Nb5 d3 43. Ke1 a5 44. Kd2 Kh6 45. Nd6 Bd5 46. Bb5 Kh5 47.
Bxc4 Bxc4 48. Nxc4 Kxh4 49. Kxd3 1-0

[Event "NB I. Maroczy csoport"]
[Site "Debrecen"]
[Date "2024.03.10"]
[Round "8.2"]
[White "Mester, Gyula"]
[Black "Okhotnik, Vladimir"]
[Result "1-0"]
[WhiteElo "2289"]
[BlackElo "2306"]
[PlyCount "141"]
[EventDate "2023.10.08"]
[EventType "team-tourn"]
[EventRounds "11"]
[EventCountry "HUN"]
[Source "chess.hu"]
[WhiteTeam "DEAC-Debr.Sakkiskola"]
[BlackTeam "NYVSC "]
[WhiteTeamCountry "HUN"]
[BlackTeamCountry "HUN"]

1. d4 c5 2. d5 d6 3. e4 Nf6 4. Nc3 g6 5. Nge2 Bg7 6. Ng3 O-O 7. Bc4 a6 8. a4 e5
9. O-O Nbd7 10. Ra3 Rb8 11. Qe2 Ne8 12. Bd2 Nc7 13. Rb3 b6 14. Ra1 Qh4 15. Nd1
Nf6 16. Bd3 b5 17. c4 b4 18. Bc2 Bg4 19. f3 Bd7 20. Be1 Qg5 21. h4 Qh6 22. Nf1
Nh5 23. g3 Bh8 24. Bd2 Qg7 25. Nf2 f5 26. Qe1 Rf7 27. Qc1 Qf8 28. Bh6 Bg7 29.
Bxg7 Qxg7 30. exf5 gxf5 31. Qg5 Qxg5 32. hxg5 Kh8 33. Bd1 Re8 34. f4 Ng7 35.
Re3 Rfe7 36. Bf3 exf4 37. Rxe7 Rxe7 38. gxf4 Kg8 39. b3 Be8 40. Nh1 Bh5 41. Kf2
Bg6 42. Nhg3 a5 43. Re1 Rf7 44. Ne3 Na8 45. Rh1 Nb6 46. Nh5 Nxh5 47. Bxh5 Nc8
48. Bd1 Kg7 49. Bc2 Kf8 50. Nf1 Ne7 51. Ng3 Ke8 52. Re1 Kd7 53. Re6 Ng8 54. Re3
Rf8 55. Kg2 Rf7 56. Kh3 Rf8 57. Kh4 Rf7 58. Re6 Rf8 59. Nh5 Rf7 60. Nf6+ Nxf6
61. gxf6 h6 62. Bd1 Rf8 63. Bh5 Be8 64. Re7+ Kd8 65. Ra7 Bd7 66. f7 Ke7 67.
Rxa5 Rd8 68. Ra7 Kf8 69. Ra6 Rb8 70. Rxd6 Ke7 71. Rxh6 1-0

[Event "NB I. Maroczy csoport"]
[Site "Debrecen"]
[Date "2024.03.10"]
[Round "8.4"]
[White "Ag, Norbert Dr"]
[Black "Varga, Marcell"]
[Result "1/2-1/2"]
[WhiteElo "2310"]
[BlackElo "2138"]
[PlyCount "35"]
[EventDate "2023.10.08"]
[EventType "team-tourn"]
[EventRounds "11"]
[EventCountry "HUN"]
[Source "chess.hu"]
[WhiteTeam "DEAC-Debr.Sakkiskola"]
[BlackTeam "NYVSC "]
[WhiteTeamCountry "HUN"]
[BlackTeamCountry "HUN"]

1. c4 c5 2. g3 Nc6 3. Bg2 e5 4. Nc3 Nge7 5. d3 g6 6. Ne4 Nf5 7. Nf3 h6 8. O-O
d6 9. Bd2 Bg7 10. a3 a5 11. Rb1 O-O 12. Ne1 Nfd4 13. e3 Ne6 14. Nc2 f5 15. Nc3
f4 16. b4 Ng5 17. Bd5+ Kh8 18. h4 1/2-1/2

[Event "NB I. Maroczy csoport"]
[Site "Debrecen"]
[Date "2024.03.10"]
[Round "8.5"]
[White "Racz, Zoltan"]
[Black "Deak, Sandor"]
[Result "1/2-1/2"]
[WhiteElo "2234"]
[BlackElo "2240"]
[PlyCount "32"]
[EventDate "2023.10.08"]
[EventType "team-tourn"]
[EventRounds "11"]
[EventCountry "HUN"]
[Source "chess.hu"]
[WhiteTeam "NYVSC "]
[BlackTeam "DEAC-Debr.Sakkiskola"]
[WhiteTeamCountry "HUN"]
[BlackTeamCountry "HUN"]

1. d4 d5 2. Bf4 c5 3. c3 Nc6 4. Nf3 Nf6 5. e3 e6 6. Bd3 Bd6 7. Bg3 O-O 8. Nbd2
Qe7 9. Ne5 Bxe5 10. dxe5 Nd7 11. O-O Ndxe5 12. Bxe5 Nxe5 13. Bxh7+ Kxh7 14.
Qh5+ Kg8 15. Qxe5 f6 16. Qh5 Qe8 1/2-1/2

[Event "NB I. Maroczy csoport"]
[Site "Debrecen"]
[Date "2024.03.10"]
[Round "8.6"]
[White "Tran, David"]
[Black "Hibjan, Tamas"]
[Result "0-1"]
[WhiteElo "2191"]
[BlackElo "2143"]
[PlyCount "116"]
[EventDate "2023.10.08"]
[EventType "team-tourn"]
[EventRounds "11"]
[EventCountry "HUN"]
[Source "chess.hu"]
[WhiteTeam "DEAC-Debr.Sakkiskola"]
[BlackTeam "NYVSC "]
[WhiteTeamCountry "HUN"]
[BlackTeamCountry "HUN"]

1. e4 c5 2. Nc3 Nc6 3. f4 e6 4. Nf3 g6 5. d3 Bg7 6. g4 h5 7. g5 Nge7 8. Bg2 d5
9. O-O a6 10. Nh4 f5 11. Re1 Bd4+ 12. Kh1 Bf2 13. exd5 Nd4 14. Nxg6 Nxg6 15.
Rf1 Bh4 16. dxe6 Bxe6 17. Bxb7 Ra7 18. Bg2 Re7 19. b3 Qd6 20. Qd2 O-O 21. Qd1
Kg7 22. b4 cxb4 23. Ne2 Kf7 24. Bb2 Nxe2 25. Qxe2 Bd5 26. Qxh5 Rg8 27. Be5
Bxg2+ 28. Kxg2 Qc6+ 29. Kg1 Qb6+ 30. Kg2 Kf8 31. d4 Qb7+ 32. Qf3 Nxe5 33. dxe5
Qc8 34. Rac1 Rc7 35. Qd3 Kg7 36. Rfd1 Qb7+ 37. Kg1 Qb6+ 38. Kh1 Bf2 39. Qd6
Rgc8 40. Qf6+ Qxf6 41. gxf6+ Kg6 42. Rd2 Be3 43. Rg2+ Kf7 44. Rf1 Ke6 45. Rg3
Rc3 46. Rg7 Bc5 47. Rg2 Rh8 48. Rd2 Rc4 49. Kg2 Rh4 50. h3 Rhxf4 51. Rxf4 Rxf4
52. Kg3 Re4 53. Rd8 Rxe5 54. Ra8 Bd6 55. Kf4 Kxf6 56. Rxa6 Ke6 57. Kf3 Rc5 58.
a4 Rc3+ 0-1

[Event "NB I. Maroczy csoport"]
[Site "Debrecen"]
[Date "2024.03.10"]
[Round "8.7"]
[White "Borsavolgyi, Tamas"]
[Black "Dibusz, Domonkos"]
[Result "0-1"]
[WhiteElo "2004"]
[BlackElo "2072"]
[PlyCount "94"]
[EventDate "2023.10.08"]
[EventType "team-tourn"]
[EventRounds "11"]
[EventCountry "HUN"]
[Source "chess.hu"]
[WhiteTeam "NYVSC "]
[BlackTeam "DEAC-Debr.Sakkiskola"]
[WhiteTeamCountry "HUN"]
[BlackTeamCountry "HUN"]

1. d4 Nf6 2. c4 e6 3. Nc3 Bb4 4. Qc2 c5 5. e3 Nc6 6. Nge2 d5 7. cxd5 Nxd5 8. a3
cxd4 9. Nxd4 Nxd4 10. exd4 Ba5 11. Bd2 O-O 12. Bd3 Nf6 13. O-O-O Bd7 14. g4
Nxg4 15. Bxh7+ Kh8 16. h4 Bxc3 17. Bxc3 Qf6 18. Be4 Qf4+ 19. Kb1 Nxf2 20. Bxb7
Nxd1 21. Qxd1 Rab8 22. Rf1 Qh6 23. Be4 f5 24. Bd2 Ba4 25. Qe1 Qf6 26. Bc3 Qh6
27. Bf3 Bb3 28. Rg1 Bd5 29. Qg3 f4 30. Qf2 Rf5 31. Bb4 Bxf3 32. Qxf3 Rfb5 33.
Bc3 Rd5 34. Ka1 Qf6 35. Qe4 f3 36. Rf1 f2 37. Qe3 Rf8 38. Ka2 a5 39. Ka1 Qf5
40. Ka2 Rf6 41. Kb3 Rb5+ 42. Ka2 Qd5+ 43. Ka1 Qg2 44. Qe2 Rd5 45. Ka2 a4 46.
Ka1 Rf4 47. Ka2 Rdf5 0-1

[Event "NB I. Maroczy csoport"]
[Site "Debrecen"]
[Date "2024.03.10"]
[Round "8.8"]
[White "Bai, Attila"]
[Black "Egyed, Judit"]
[Result "1-0"]
[WhiteElo "2118"]
[BlackElo "2081"]
[PlyCount "67"]
[EventDate "2023.10.08"]
[EventType "team-tourn"]
[EventRounds "11"]
[EventCountry "HUN"]
[Source "chess.hu"]
[WhiteTeam "DEAC-Debr.Sakkiskola"]
[BlackTeam "NYVSC "]
[WhiteTeamCountry "HUN"]
[BlackTeamCountry "HUN"]

1. d4 f5 2. Bg5 Nf6 3. Bxf6 exf6 4. e3 d5 5. c4 c6 6. Nc3 Be6 7. Qb3 Qd7 8. h4
dxc4 9. Bxc4 Bxc4 10. Qxc4 Na6 11. a3 Nc7 12. Nge2 O-O-O 13. O-O-O Kb8 14. Kb1
g5 15. g3 h6 16. b4 Nd5 17. Nxd5 cxd5 18. Qd3 a5 19. b5 Rc8 20. Rc1 Rc4 21. Qb3
a4 22. Qb2 Bd6 23. Rxc4 dxc4 24. hxg5 fxg5 25. Rc1 h5 26. Rxc4 h4 27. d5 Qe8
28. Nd4 Qe5 29. f4 Qe4+ 30. Ka1 Qxe3 31. Nc6+ bxc6 32. bxc6+ Kc7 33. Qb7+ Kd8
34. Qd7# 1-0

[Event "NB I. Maroczy csoport"]
[Site "Debrecen"]
[Date "2024.03.10"]
[Round "8.10"]
[White "Kiss, Gergely Dr"]
[Black "Blahota, Marcell"]
[Result "0-1"]
[WhiteElo "2070"]
[BlackElo "2048"]
[PlyCount "84"]
[EventDate "2023.10.08"]
[EventType "team-tourn"]
[EventRounds "11"]
[EventCountry "HUN"]
[Source "chess.hu"]
[WhiteTeam "DEAC-Debr.Sakkiskola"]
[BlackTeam "NYVSC "]
[WhiteTeamCountry "HUN"]
[BlackTeamCountry "HUN"]

1. Nf3 Nf6 2. d4 d5 3. c4 e6 4. Nc3 c6 5. e3 Nbd7 6. Qc2 Bd6 7. cxd5 exd5 8.
Bd3 O-O 9. Rb1 c5 10. O-O a6 11. e4 dxe4 12. Nxe4 Nxe4 13. Bxe4 h6 14. Rd1 cxd4
15. Rxd4 Qb6 16. b4 Nf6 17. Bd3 Be6 18. Be3 Rac8 19. Qd2 Rfd8 20. Rd1 Qc7 21.
Rxd6 Rxd6 22. Bh7+ Kxh7 23. Qxd6 Bxa2 24. Qd3+ Kg8 25. h3 Bc4 26. Qd2 Nd5 27.
Bd4 Re8 28. Re1 Rxe1+ 29. Qxe1 Bb5 30. Qa1 f6 31. Qe1 Nf4 32. Bc5 Qc6 33. Qe3
Nd5 34. Nd4 Qd7 35. Qb3 Ba4 36. Qc4 Kh8 37. Bf8 Nf4 38. Kh2 Ng6 39. Bc5 Qc7+
40. g3 b6 41. Qxa6 bxc5 42. Ne6 Qc6 0-1

[Event "NB I. Maroczy csoport"]
[Site "Debrecen"]
[Date "2024.03.10"]
[Round "8.11"]
[White "Hurkovszkij, Vladyslav"]
[Black "Balazs, Marcell"]
[Result "1-0"]
[WhiteElo "2000"]
[BlackElo "1937"]
[PlyCount "123"]
[EventDate "2023.10.08"]
[EventType "team-tourn"]
[EventRounds "11"]
[EventCountry "HUN"]
[Source "chess.hu"]
[WhiteTeam "NYVSC "]
[BlackTeam "DEAC-Debr.Sakkiskola"]
[WhiteTeamCountry "HUN"]
[BlackTeamCountry "HUN"]

1. d4 d5 2. Bf4 c5 3. e3 Nc6 4. Nf3 Bg4 5. c3 Qb6 6. Na3 a6 7. Qb3 Qxb3 8. axb3
e6 9. Be2 f6 10. h3 Bxf3 11. Bxf3 e5 12. dxe5 fxe5 13. Bg5 h6 14. Bh5+ Kd7 15.
Bg4+ Kc7 16. Bh4 g5 17. Bg3 Nf6 18. Bf3 Bd6 19. Rd1 e4 20. Bxd6+ Kxd6 21. Be2
Ke6 22. f3 b5 23. c4 bxc4 24. bxc4 d4 25. fxe4 Rab8 26. e5 Nxe5 27. exd4 cxd4
28. Rxd4 Rxb2 29. c5 Rc8 30. Bxa6 Rc6 31. Bb5 Rxc5 32. O-O Rcxb5 33. Nxb5 Rxb5
34. Ra4 Rb6 35. Ra8 Kf7 36. Ra5 Re6 37. Ra7+ Re7 38. Ra6 Re6 39. Ra7+ Re7 40.
Ra6 Ned7 41. Rd6 Kg6 42. Ra6 h5 43. Kh2 h4 44. Rf3 Kg7 45. Rf5 Re5 46. Raxf6
Rxf5 47. Rxf5 Kg6 48. Ra5 Nf6 49. Kg1 Nh5 50. Kf2 Nf4 51. Kf3 Nh5 52. Ra8 Kf5
53. Rf8+ Nf6 54. Ra8 Nh5 55. Ra5+ Kg6 56. Ke4 Nf6+ 57. Ke5 Nd7+ 58. Ke6 Nf6 59.
Ra6 Ng8 60. Ke5+ Kh5 61. Ra8 Nh6 62. Kf6 1-0

[Event "NB I. Maroczy csoport"]
[Site "Debrecen"]
[Date "2024.03.10"]
[Round "8.12"]
[White "Biro, Beata"]
[Black "Gunyecz, Zoltan Dr"]
[Result "0-1"]
[WhiteElo "1760"]
[BlackElo "1895"]
[PlyCount "118"]
[EventDate "2023.10.08"]
[EventType "team-tourn"]
[EventRounds "11"]
[EventCountry "HUN"]
[Source "chess.hu"]
[WhiteTeam "DEAC-Debr.Sakkiskola"]
[BlackTeam "NYVSC "]
[WhiteTeamCountry "HUN"]
[BlackTeamCountry "HUN"]

1. e4 c6 2. d4 d5 3. exd5 cxd5 4. c4 Nf6 5. Nc3 Nc6 6. Nf3 Bg4 7. cxd5 Nxd5 8.
Qb3 Bxf3 9. gxf3 e6 10. Qxb7 Nxd4 11. Bb5+ Nxb5 12. Qc6+ Ke7 13. Qxb5 Qd7 14.
Qe2 f6 15. O-O Kf7 16. Rd1 Bc5 17. f4 g6 18. Be3 Rac8 19. Qf3 Rhd8 20. Kh1 Qb7
21. Nxd5 exd5 22. Rd2 Rd7 23. Rad1 Bxe3 24. fxe3 Rcd8 25. f5 Kg7 26. Rg2 Qc7
27. Rdg1 Qe5 28. fxg6 h6 29. Qf4 Re8 30. Rf1 Re6 31. Rg3 Rc7 32. Qf2 Qe4+ 33.
Rg2 Qxe3 34. Qxe3 Rxe3 35. Rd1 Re5 36. h4 Rc4 37. Rh2 Kxg6 38. Kg1 Kh5 39. b3
Rxh4 40. Rxh4+ Kxh4 41. Kf2 Kg4 42. Rd4+ Kf5 43. Rh4 Kg5 44. Ra4 Re7 45. Rd4
Rd7 46. a4 Kf5 47. Rh4 Rh7 48. Ke3 Re7+ 49. Kf3 Rc7 50. Rh5+ Ke6 51. Rxh6 Rc3+
52. Ke2 Rxb3 53. Rh7 a6 54. Ra7 Rb6 55. Ke3 f5 56. Ra8 Ke5 57. Re8+ Re6 58. Rd8
f4+ 59. Kf3 Rf6 0-1

[Event "NB I. Maroczy csoport"]
[Site "Budapest"]
[Date "2024.03.17"]
[Round "8.1"]
[White "Kun, Gabor"]
[Black "Izsak, Gyula"]
[Result "1/2-1/2"]
[WhiteElo "2244"]
[BlackElo "2394"]
[PlyCount "33"]
[EventDate "2023.10.08"]
[EventType "team-tourn"]
[EventRounds "11"]
[EventCountry "HUN"]
[Source "chess.hu"]
[WhiteTeam "Magyar Sakkvilag-SMS"]
[BlackTeam "Aquarena Kobanya  II"]
[WhiteTeamCountry "HUN"]
[BlackTeamCountry "HUN"]

1. e4 c5 2. Nf3 e6 3. g3 b6 4. Bg2 Bb7 5. d3 d6 6. O-O Nf6 7. e5 dxe5 8. Nxe5
Bxg2 9. Kxg2 Nbd7 10. Nxd7 Qxd7 11. Qf3 Rc8 12. Nc3 Be7 13. b3 O-O 14. Bb2 Rfd8
15. Rfe1 Nd5 16. Nxd5 Qxd5 17. Qxd5 1/2-1/2

[Event "NB I. Maroczy csoport"]
[Site "Budapest"]
[Date "2024.03.17"]
[Round "8.2"]
[White "Polyik, Peter"]
[Black "Nemeth, Zoltan"]
[Result "1-0"]
[WhiteElo "2295"]
[BlackElo "2212"]
[PlyCount "61"]
[EventDate "2023.10.08"]
[EventType "team-tourn"]
[EventRounds "11"]
[EventCountry "HUN"]
[Source "chess.hu"]
[WhiteTeam "Aquarena Kobanya  II"]
[BlackTeam "Magyar Sakkvilag-SMS"]
[WhiteTeamCountry "HUN"]
[BlackTeamCountry "HUN"]

1. d4 d5 2. c4 e6 3. Nf3 c6 4. g3 Nd7 5. Bg2 Bd6 6. O-O f5 7. b3 Qe7 8. a4 Ngf6
9. Ba3 O-O 10. Bxd6 Qxd6 11. a5 f4 12. Nc3 fxg3 13. hxg3 e5 14. dxe5 Nxe5 15.
cxd5 Nxf3+ 16. Bxf3 Bh3 17. dxc6 Qe5 18. cxb7 Rad8 19. Qc2 Bxf1 20. Kxf1 h5 21.
Ra4 a6 22. Kg2 Qc5 23. b4 Qe5 24. b5 axb5 25. Rb4 Ng4 26. Qb3+ Kh7 27. Rxb5 Qd4
28. Ne4 Rde8 29. b8=Q Rxe4 30. Rxh5+ Kg6 31. Q3b6+ 1-0

[Event "NB I. Maroczy csoport"]
[Site "Budapest"]
[Date "2024.03.17"]
[Round "8.3"]
[White "Feher, Gyula"]
[Black "Urhegyi, Marton"]
[Result "1-0"]
[WhiteElo "2321"]
[BlackElo "2258"]
[PlyCount "61"]
[EventDate "2023.10.08"]
[EventType "team-tourn"]
[EventRounds "11"]
[EventCountry "HUN"]
[Source "chess.hu"]
[WhiteTeam "Magyar Sakkvilag-SMS"]
[BlackTeam "Aquarena Kobanya  II"]
[WhiteTeamCountry "HUN"]
[BlackTeamCountry "HUN"]

1. e4 c5 2. Nf3 d6 3. d4 cxd4 4. Nxd4 Nf6 5. Nc3 g6 6. Be3 Bg7 7. f3 O-O 8. Qd2
Nc6 9. Bc4 Bd7 10. h4 h5 11. Bb3 Rc8 12. O-O-O Ne5 13. Bg5 Rc5 14. Rhe1 b5 15.
f4 b4 16. Nd5 Neg4 17. f5 gxf5 18. Nxf5 Bxf5 19. exf5 Nxd5 20. Bxd5 Bc3 21.
bxc3 bxc3 22. Qd4 Qa5 23. Kb1 Rb8+ 24. Bb3 Rb4 25. Qd3 Ne5 26. Rxe5 Rxe5 27. f6
e6 28. Qxd6 Rxg5 29. hxg5 Qa3 30. Qf8+ Kxf8 31. Rd8# 1-0

[Event "NB I. Maroczy csoport"]
[Site "Budapest"]
[Date "2024.03.17"]
[Round "8.4"]
[White "Halak, Miklos"]
[Black "Farago, Sandor"]
[Result "1-0"]
[WhiteElo "2211"]
[BlackElo "2033"]
[PlyCount "127"]
[EventDate "2023.10.08"]
[EventType "team-tourn"]
[EventRounds "11"]
[EventCountry "HUN"]
[Source "chess.hu"]
[WhiteTeam "Aquarena Kobanya  II"]
[BlackTeam "Magyar Sakkvilag-SMS"]
[WhiteTeamCountry "HUN"]
[BlackTeamCountry "HUN"]

1. e4 c5 2. c3 d6 3. d4 Nd7 4. Nf3 e6 5. Bd3 Ngf6 6. O-O Be7 7. Re1 cxd4 8.
cxd4 e5 9. Nc3 a6 10. a4 O-O 11. h3 b6 12. d5 Nh5 13. Bf1 g6 14. Bh6 Re8 15.
Rc1 Nc5 16. b4 Nd7 17. Be3 Ng7 18. Nd2 f5 19. f3 Bh4 20. Nc4 f4 21. Bf2 Bxf2+
22. Kxf2 Nf6 23. Kg1 Rb8 24. Qb3 Re7 25. Rc2 Nge8 26. Rec1 g5 27. Nd1 h5 28.
Kh1 g4 29. Nxb6 Bb7 30. a5 Rg7 31. Nc3 Nh7 32. Ne2 gxh3 33. gxh3 Qg5 34. Qc3
Nhf6 35. Qe1 Nxe4 36. fxe4 f3 37. Qf2 fxe2 38. Bxe2 Nf6 39. Bf3 Rf8 40. Qh2 Ng4
41. Bxg4 hxg4 42. Rg1 Qe3 43. Re2 Qf3+ 44. Qg2 Qf6 45. Re3 Qh6 46. Rg3 Rf4 47.
Rf1 Kh8 48. Rxf4 Qxf4 49. Rxg4 Rxg4 50. hxg4 Qc1+ 51. Qg1 Qg5 52. Qf2 Kg8 53.
Qf5 Qc1+ 54. Kg2 Qd2+ 55. Kh3 Qh6+ 56. Kg3 Qe3+ 57. Kh4 Qh6+ 58. Qh5 Qf8 59.
Qg5+ Kh8 60. Kh5 Qf3 61. Qf5 Qh3+ 62. Kg5 Qh1 63. Qf8+ Kh7 64. Qf7+ 1-0

[Event "NB I. Maroczy csoport"]
[Site "Budapest"]
[Date "2024.03.17"]
[Round "8.5"]
[White "Meszaros, Andras"]
[Black "Karacsonyi, Kata"]
[Result "1/2-1/2"]
[WhiteElo "2137"]
[BlackElo "2137"]
[PlyCount "110"]
[EventDate "2023.10.08"]
[EventType "team-tourn"]
[EventRounds "11"]
[EventCountry "HUN"]
[Source "chess.hu"]
[WhiteTeam "Magyar Sakkvilag-SMS"]
[BlackTeam "Aquarena Kobanya  II"]
[WhiteTeamCountry "HUN"]
[BlackTeamCountry "HUN"]

1. e4 c5 2. Nf3 d6 3. Nc3 Nf6 4. e5 dxe5 5. Nxe5 e6 6. g3 Qc7 7. d4 a6 8. Bf4
Bd6 9. Qd2 O-O 10. O-O-O Nbd7 11. Nxd7 Bxd7 12. Bg5 Nd5 13. dxc5 Bxc5 14. Nxd5
exd5 15. Bd3 Bg4 16. Rde1 Bf3 17. Rhf1 Qb6 18. Be7 Rfe8 19. Bxc5 Qxc5 20. Rxe8+
Rxe8 21. Re1 Rxe1+ 22. Qxe1 Kf8 23. a3 g6 24. h4 Be4 25. Bxe4 dxe4 26. Qd2 Kg7
27. Kd1 Qh5+ 28. Ke1 Qf3 29. Qd4+ Qf6 30. Qb4 b5 31. a4 bxa4 32. c3 Qc6 33.
Qd4+ Kg8 34. Kd2 Qb5 35. c4 Qb4+ 36. Ke3 f5 37. Kf4 Kf7 38. Ke5 Qe7+ 39. Kf4
Qb4 40. Qd5+ Kf6 41. Qd4+ Kf7 42. Kg5 a3 43. Qd7+ Kf8 44. Qd8+ Kf7 45. Qc7+ Ke6
46. Qc6+ Ke7 47. Qc7+ Ke6 48. bxa3 Qd2+ 49. Qf4 Qd8+ 50. Kh6 Qf8+ 51. Kxh7 Qf7+
52. Kh6 Qf8+ 53. Kxg6 Qf7+ 54. Kh6 Qf6+ 55. Kh5 Qf7+ 1/2-1/2

[Event "NB I. Maroczy csoport"]
[Site "Budapest"]
[Date "2024.03.17"]
[Round "8.6"]
[White "Egeto, Janos-Lehel"]
[Black "Muranyi, Peter"]
[Result "1/2-1/2"]
[WhiteElo "2012"]
[BlackElo "1993"]
[PlyCount "43"]
[EventDate "2023.10.08"]
[EventType "team-tourn"]
[EventRounds "11"]
[EventCountry "HUN"]
[Source "chess.hu"]
[WhiteTeam "Aquarena Kobanya  II"]
[BlackTeam "Magyar Sakkvilag-SMS"]
[WhiteTeamCountry "HUN"]
[BlackTeamCountry "HUN"]

1. d4 b6 2. e4 Bb7 3. Bd3 Nf6 4. Qe2 e6 5. Nf3 d5 6. exd5 Nxd5 7. O-O Be7 8. c4
Nf6 9. Nc3 O-O 10. Rd1 Nbd7 11. Bf4 Bd6 12. Bg5 h6 13. Bh4 a6 14. Ne5 Be7 15.
Bc2 Qc8 16. Nxd7 Qxd7 17. d5 exd5 18. Bxf6 Bxf6 19. Nxd5 Bxd5 20. Rxd5 Qe8 21.
Qd3 g6 22. Rb1 1/2-1/2

[Event "NB I. Maroczy csoport"]
[Site "Budapest"]
[Date "2024.03.17"]
[Round "8.7"]
[White "Torok, Tamas Titusz"]
[Black "Koczo, Kristof"]
[Result "1-0"]
[WhiteElo "2028"]
[BlackElo "2063"]
[PlyCount "97"]
[EventDate "2023.10.08"]
[EventType "team-tourn"]
[EventRounds "11"]
[EventCountry "HUN"]
[Source "chess.hu"]
[WhiteTeam "Magyar Sakkvilag-SMS"]
[BlackTeam "Aquarena Kobanya  II"]
[WhiteTeamCountry "HUN"]
[BlackTeamCountry "HUN"]

1. e4 c5 2. b3 b6 3. Bb2 Bb7 4. d4 Bxe4 5. d5 e6 6. Nc3 exd5 7. f3 Bg6 8. Nxd5
Bf5 9. Ne2 Nc6 10. a3 Nge7 11. Nef4 Ng6 12. Qd2 Qb8 13. O-O-O Nxf4 14. Nxf4 Qb7
15. Bc4 Be6 16. Qe2 Nd4 17. Rxd4 cxd4 18. Bd5 Qb8 19. Nxe6 fxe6 20. Qe4 Be7 21.
Bxa8 O-O 22. Bd5 Rf4 23. Bxe6+ Kh8 24. Qe2 dxe6 25. Qxe6 Qc7 26. Re1 Rf7 27.
Kb1 Bf8 28. Qe8 Kg8 29. h3 Qh2 30. Qe2 Qf4 31. Ka2 h6 32. Rd1 Rd7 33. Qc4+ Qf7
34. Qxf7+ Kxf7 35. Rxd4 Bd6 36. a4 Ke6 37. Ba3 Bxa3 38. Rxd7 Kxd7 39. Kxa3 a5
40. Kb2 Kd6 41. c3 Ke5 42. g3 g5 43. b4 h5 44. bxa5 bxa5 45. c4 Kd4 46. Kb3 h4
47. g4 Ke5 48. Kc3 Kf4 49. c5 1-0

[Event "NB I. Maroczy csoport"]
[Site "Budapest"]
[Date "2024.03.17"]
[Round "8.8"]
[White "Fulop, Peter Benjamin"]
[Black "Kelemen, Gabor"]
[Result "1-0"]
[WhiteElo "2078"]
[BlackElo "2087"]
[PlyCount "89"]
[EventDate "2023.10.08"]
[EventType "team-tourn"]
[EventRounds "11"]
[EventCountry "HUN"]
[Source "chess.hu"]
[WhiteTeam "Aquarena Kobanya  II"]
[BlackTeam "Magyar Sakkvilag-SMS"]
[WhiteTeamCountry "HUN"]
[BlackTeamCountry "HUN"]

1. e4 d6 2. d4 Nf6 3. Nc3 g6 4. Be3 Bg7 5. Qd2 O-O 6. O-O-O c6 7. f3 b5 8. Bh6
b4 9. Nb1 Ba6 10. Bxg7 Kxg7 11. Qxb4 Bxf1 12. Rxf1 Nbd7 13. Ne2 c5 14. Qa3 Qb6
15. d5 c4 16. Nd2 Rfc8 17. g4 Rab8 18. g5 Nh5 19. Qc3+ Kg8 20. Nd4 Nf4 21. Kb1
Nc5 22. Nxc4 Na4 23. Nxb6 Nxc3+ 24. bxc3 Rxb6+ 25. Kc1 Rxc3 26. Kd2 Ra3 27. Rb1
Rxa2 28. Rxb6 axb6 29. Rb1 Nh3 30. Rxb6 Ra3 31. Rb3 Ra7 32. Ke3 Nxg5 33. f4 Nh3
34. Kf3 g5 35. Kg4 Nxf4 36. Kxg5 Ng6 37. Rb8+ Nf8 38. Nc6 f6+ 39. Kf5 Ra1 40.
Nxe7+ Kf7 41. Rb7 Rf1+ 42. Kg4 Rg1+ 43. Kf3 Ng6 44. Nf5+ Kf8 45. Rb8+ 1-0

[Event "NB I. Maroczy csoport"]
[Site "Budapest"]
[Date "2024.03.17"]
[Round "8.9"]
[White "Metaxasz, Vaszilisz"]
[Black "Karacsonyi, Bank"]
[Result "0-1"]
[WhiteElo "1936"]
[BlackElo "1940"]
[PlyCount "28"]
[EventDate "2023.10.08"]
[EventType "team-tourn"]
[EventRounds "11"]
[EventCountry "HUN"]
[Source "chess.hu"]
[WhiteTeam "Magyar Sakkvilag-SMS"]
[BlackTeam "Aquarena Kobanya  II"]
[WhiteTeamCountry "HUN"]
[BlackTeamCountry "HUN"]

1. c4 e5 2. g3 c5 3. Bg2 g6 4. Nc3 Bg7 5. a3 Nc6 6. Rb1 a5 7. Nf3 Nge7 8. d3 d5
9. cxd5 Nxd5 10. Nxe5 Nxc3 11. Nxc6 Qb6 12. bxc3 Qxb1 13. Qd2 Be6 14. O-O Qb6
0-1